[Event "Campobasso op 12th"]
[Site "Campobasso"]
[Date "2005.07.10"]
[Round "6"]
[White "Castrogiovanni, Carlo"]
[Black "Muolo, Angelo"]
[Result "1-0"]
[WhiteElo "2108"]
[BlackElo "1873"]
[PlyCount "93"]
[EventDate "2005.07.08"]
[EventType "swiss"]
[EventRounds "6"]
[EventCountry "ITA"]
[SourceTitle "EXT 2007"]
[Source "ChessBase"]
[SourceDate "2006.11.23"]
[SourceVersion "1"]
[SourceVersionDate "2006.11.23"]
[SourceQuality "1"]

1. Nf3 c5 2. c4 Nf6 3. Nc3 a6 4. g3 e6 5. Bg2 Be7 6. 0-0 0-0 7. d4 cxd4 8. Nxd4 Qc7 9. Qb3 Nc6 10. Nxc6 bxc6 11. Qc2 d5 12. Na4 a5 13. Bg5 Qd8 14. Rfd1 Ba6 15. c5 h6 16. Bf4 Nd7 17. e4 Bb5 18. Be3 Bf6 19. Rab1 Qc8 20. Nc3 Ba6 21. a3 Rb8 22. b4 axb4 23. axb4 Ne5 24. exd5 exd5 25. b5 cxb5 26. Nxd5 Bd8 27. Bf4 f6 28. c6 Rf7 29. Nb4 Kf8 30. Rxd8+ Qxd8 31. Nxa6 Rc8 32. c7 Qd6 33. Bb7 Rfxc7 34. Nxc7 Rxc7 35. Qe4 Qb6 36. Bxe5 Rxb7 37. Bd4 Qa6 38. Qd5 g5 39. Rc1 Rf7 40. Rc6 Qa5 41. Bc3 Qa8 42. Kg2 Kg7 43. Rd6 Qe8 44. Qf3 Qe7 45. Rb6 h5 46. Rxb5 Qd7 47. Rxg5+ 1-0